000 00855nam a2200241Ia 4500
008 191130s2006##################000#0#eng##
020 _a9780793195718
022 _a2005028896
040 _aACL
_cACL
082 _a333.3382 WIL
100 _aWilliams, Martha R
245 _aHow to use the uniform residential appraisal report
_cMartha R. Williams, William L. Ventolo, Jr
250 _a3rd ed
260 _aChicago, IL
_bDearborn Real Estate Education
_cc2006
300 _axi, 177 p. : ill., maps ; 28 cm
500 _aIncludes index
650 _aDwellings - Valuation - Standards - United States - Handbooks, manuals, etc
650 _aReal property - Valuation - Standards - United States - Handbooks, manuals, etc
700 _aVentolo, William L
990 _a8a49ae4fac10000c5f853fcd02b22794
991 _a199083
999 _c208528
_d208528